[Event "Deutsche Ländermeisterschaft 2023"]
[Site "Hannover GER"]
[Date "2023.10.04"]
[Round "6"]
[White "Sheng, Ming"]
[Black "Junge, Mattheo Gabriel"]
[Result "1-0"]
[Termination "normal"]
[Board "6.6"]
[WhiteElo "1705"]
[BlackElo "1604"]
[WhiteClock "00:10:52"]
[BlackClock "00:34:58"]
[WhiteTeam "Saarland & Friends"]
[BlackTeam "Thüringen"]
[PlyCount "93"]
[WhiteFideId "34605258"]
[BlackFideId "34605908"]
[EventCountry "GER"]
[EventRounds "7"]
[EventType "team-swiss"]
[EventDate "2023.09.30"]

1. e4 {[%clk 01:30:58]} {[%emt 00:00:01]} c6 {[%clk 01:30:46]} {[%emt
00:00:14]} 2. Nc3 {[%clk 01:31:06]} {[%emt 00:00:22]} d5 {[%clk 01:31:01]}
{[%emt 00:00:15]} 3. Nf3 {[%clk 01:31:21]} {[%emt 00:00:14]} Bg4 {[%clk
01:31:19]} {[%emt 00:00:13]} 4. h3 {[%clk 01:31:36]} {[%emt 00:00:14]} Bxf3
{[%clk 01:31:28]} {[%emt 00:00:22]} 5. Qxf3 {[%clk 01:32:02]} {[%emt 00:00:04]}
e6 {[%clk 01:31:43]} {[%emt 00:00:15]} 6. d4 {[%clk 01:31:40]} {[%emt
00:00:52]} Nd7 {[%clk 01:30:49]} {[%emt 00:01:24]} 7. Bd3 {[%clk 01:31:24]}
{[%emt 00:00:46]} Bb4 {[%clk 01:30:56]} {[%emt 00:00:22]} 8. O-O {[%clk
01:30:33]} {[%emt 00:01:21]} dxe4 {[%clk 01:28:02]} {[%emt 00:03:25]} 9. Nxe4
{[%clk 01:30:26]} {[%emt 00:00:37]} Ngf6 {[%clk 01:27:01]} {[%emt 00:01:31]}
10. Bg5 {[%clk 01:29:10]} {[%emt 00:01:46]} Be7 {[%clk 01:27:08]} {[%emt
00:00:23]} 11. Rfe1 {[%clk 01:24:28]} {[%emt 00:05:11]} Nxe4 {[%clk 01:27:27]}
{[%emt 00:00:13]} 12. Bxe7 {[%clk 01:24:52]} {[%emt 00:00:06]} Qxe7 {[%clk
01:27:22]} {[%emt 00:00:32]} 13. Bxe4 {[%clk 01:24:39]} {[%emt 00:00:45]} O-O
{[%clk 01:18:43]} {[%emt 00:09:09]} 14. c4 {[%clk 01:22:48]} {[%emt 00:02:21]}
Nb6 {[%clk 01:13:01]} {[%emt 00:06:12]} 15. b3 {[%clk 01:19:26]} {[%emt
00:03:52]} Qf6 {[%clk 01:09:22]} {[%emt 00:04:09]} 16. a4 {[%clk 00:58:20]}
{[%emt 00:21:36]} a5 {[%clk 01:06:49]} {[%emt 00:03:02]} 17. Rad1 {[%clk
00:34:10]} {[%emt 00:24:40]} Rad8 {[%clk 01:05:15]} {[%emt 00:02:05]} 18. Qh5
{[%clk 00:34:25]} {[%emt 00:00:15]} g6 {[%clk 01:02:58]} {[%emt 00:02:47]} 19.
Qxa5 {[%clk 00:34:33]} {[%emt 00:00:23]} Nc8 {[%clk 01:02:42]} {[%emt
00:00:44]} 20. Qe5 {[%clk 00:28:37]} {[%emt 00:06:27]} Qxe5 {[%clk 00:58:49]}
{[%emt 00:04:24]} 21. dxe5 {[%clk 00:28:58]} {[%emt 00:00:08]} Nb6 {[%clk
00:59:11]} {[%emt 00:00:08]} 22. Rd6 {[%clk 00:28:15]} {[%emt 00:01:13]} Nc8
{[%clk 00:59:24]} {[%emt 00:00:16]} 23. Rd3 {[%clk 00:26:54]} {[%emt 00:01:51]}
Rxd3 {[%clk 00:59:04]} {[%emt 00:00:51]} 24. Bxd3 {[%clk 00:27:02]} {[%emt
00:00:21]} Nb6 {[%clk 00:59:26]} {[%emt 00:00:09]} 25. Bc2 {[%clk 00:25:07]}
{[%emt 00:02:25]} Rd8 {[%clk 00:59:40]} {[%emt 00:00:16]} 26. Rd1 {[%clk
00:25:16]} {[%emt 00:00:21]} Rxd1+ {[%clk 00:59:55]} {[%emt 00:00:15]} 27. Bxd1
{[%clk 00:25:45]} {[%emt 00:00:01]} g5 {[%clk 01:00:12]} {[%emt 00:00:13]} 28.
g3 {[%clk 00:25:32]} {[%emt 00:00:44]} Kg7 {[%clk 01:00:31]} {[%emt 00:00:09]}
29. f4 {[%clk 00:24:16]} {[%emt 00:01:47]} Kg6 {[%clk 01:00:10]} {[%emt
00:00:51]} 30. Kg2 {[%clk 00:23:03]} {[%emt 00:01:42]} Nd7 {[%clk 00:56:59]}
{[%emt 00:03:38]} 31. a5 {[%clk 00:22:10]} {[%emt 00:01:26]} f6 {[%clk
00:57:00]} {[%emt 00:00:29]} 32. Bc2+ {[%clk 00:21:31]} {[%emt 00:01:10]} Kh6
{[%clk 00:55:50]} {[%emt 00:01:39]} 33. exf6 {[%clk 00:21:00]} {[%emt
00:01:02]} Nxf6 {[%clk 00:53:08]} {[%emt 00:03:12]} 34. b4 {[%clk 00:20:07]}
{[%emt 00:01:23]} Nd7 {[%clk 00:49:25]} {[%emt 00:04:11]} 35. fxg5+ {[%clk
00:18:50]} {[%emt 00:01:47]} Kxg5 {[%clk 00:49:49]} {[%emt 00:00:08]} 36. Bxh7
{[%clk 00:18:36]} {[%emt 00:00:44]} Kf6 {[%clk 00:49:52]} {[%emt 00:00:26]} 37.
Be4 {[%clk 00:15:43]} {[%emt 00:03:22]} Ke5 {[%clk 00:44:23]} {[%emt 00:06:01]}
38. Bf3 {[%clk 00:15:55]} {[%emt 00:00:18]} Kd4 {[%clk 00:44:15]} {[%emt
00:00:37]} 39. b5 {[%clk 00:14:25]} {[%emt 00:02:02]} Kc5 {[%clk 00:35:22]}
{[%emt 00:09:23]} 40. bxc6 {[%clk 00:11:38]} {[%emt 00:03:16]} bxc6 {[%clk
00:35:32]} {[%emt 00:00:20]} 41. h4 {[%clk 00:11:47]} {[%emt 00:00:21]} Nb8
{[%clk 00:34:03]} {[%emt 00:01:58]} 42. h5 {[%clk 00:11:28]} {[%emt 00:00:49]}
Nd7 {[%clk 00:34:25]} {[%emt 00:00:08]} 43. g4 {[%clk 00:10:14]} {[%emt
00:01:45]} Kd4 {[%clk 00:34:01]} {[%emt 00:00:54]} 44. a6 {[%clk 00:10:29]}
{[%emt 00:00:16]} Nb6 {[%clk 00:34:11]} {[%emt 00:00:20]} 45. Bxc6 {[%clk
00:10:30]} {[%emt 00:00:28]} e5 {[%clk 00:34:36]} {[%emt 00:00:06]} 46. a7
{[%clk 00:10:40]} {[%emt 00:00:20]} e4 {[%clk 00:34:58]} {[%emt 00:00:08]} 47.
a8=Q {[%clk 00:10:52]} {[%emt 00:00:17]} 1-0

[Event "Deutsche Ländermeisterschaft 2023"]
[Site "Hannover GER"]
[Date "2023.10.04"]
[Round "6"]
[White "Loos, Tilda"]
[Black "Färber, Anna"]
[Result "0-1"]
[Termination "normal"]
[Board "6.7"]
[WhiteElo "1423"]
[BlackElo "1309"]
[WhiteClock "00:12:04"]
[BlackClock "00:23:01"]
[WhiteTeam "Thüringen"]
[BlackTeam "Saarland & Friends"]
[PlyCount "130"]
[WhiteFideId "34620559"]
[BlackFideId "34633480"]
[EventCountry "GER"]
[EventRounds "7"]
[EventType "team-swiss"]
[EventDate "2023.09.30"]

1. b3 {[%clk 01:30:53]} {[%emt 00:00:06]} e5 {[%clk 01:30:51]} {[%emt
00:00:09]} 2. Bb2 {[%clk 01:31:18]} {[%emt 00:00:05]} Nc6 {[%clk 01:31:12]}
{[%emt 00:00:09]} 3. e3 {[%clk 01:31:29]} {[%emt 00:00:20]} Nf6 {[%clk
01:31:24]} {[%emt 00:00:17]} 4. g3 {[%clk 01:31:46]} {[%emt 00:00:14]} d5
{[%clk 01:30:38]} {[%emt 00:01:16]} 5. Bg2 {[%clk 01:30:49]} {[%emt 00:01:27]}
Be6 {[%clk 01:26:46]} {[%emt 00:04:21]} 6. Ne2 {[%clk 01:29:20]} {[%emt
00:01:59]} h5 {[%clk 01:25:55]} {[%emt 00:01:22]} 7. h3 {[%clk 01:19:57]}
{[%emt 00:09:53]} Bd6 {[%clk 01:20:54]} {[%emt 00:05:30]} 8. d3 {[%clk
01:15:49]} {[%emt 00:04:38]} Qd7 {[%clk 01:19:04]} {[%emt 00:02:16]} 9. Nd2
{[%clk 01:13:48]} {[%emt 00:02:36]} Nh7 {[%clk 01:14:18]} {[%emt 00:05:15]} 10.
Nc3 {[%clk 00:56:40]} {[%emt 00:17:39]} Nf6 {[%clk 01:13:23]} {[%emt 00:01:24]}
11. e4 {[%clk 00:42:33]} {[%emt 00:14:38]} Bc5 {[%clk 01:02:18]} {[%emt
00:11:34]} 12. Nf3 {[%clk 00:29:01]} {[%emt 00:14:03]} d4 {[%clk 00:57:35]}
{[%emt 00:05:13]} 13. Ne2 {[%clk 00:25:46]} {[%emt 00:03:45]} Bb4+ {[%clk
00:57:02]} {[%emt 00:01:00]} 14. Nd2 {[%clk 00:21:55]} {[%emt 00:04:23]} Nh7
{[%clk 00:54:06]} {[%emt 00:03:25]} 15. a3 {[%clk 00:20:01]} {[%emt 00:02:25]}
Be7 {[%clk 00:52:25]} {[%emt 00:02:10]} 16. Nf3 {[%clk 00:16:52]} {[%emt
00:03:41]} O-O-O {[%clk 00:48:47]} {[%emt 00:04:07]} 17. Qd2 {[%clk 00:16:08]}
{[%emt 00:01:14]} Kb8 {[%clk 00:47:43]} {[%emt 00:01:34]} 18. O-O-O {[%clk
00:15:37]} {[%emt 00:01:02]} Bd6 {[%clk 00:46:15]} {[%emt 00:01:54]} 19. Kb1
{[%clk 00:14:57]} {[%emt 00:01:13]} Qe7 {[%clk 00:44:40]} {[%emt 00:02:05]} 20.
Ka2 {[%clk 00:13:43]} {[%emt 00:01:45]} Rhg8 {[%clk 00:42:02]} {[%emt
00:03:06]} 21. Ra1 {[%clk 00:12:44]} {[%emt 00:01:30]} g5 {[%clk 00:39:23]}
{[%emt 00:03:09]} 22. g4 {[%clk 00:09:26]} {[%emt 00:03:49]} h4 {[%clk
00:36:45]} {[%emt 00:03:08]} 23. Rhd1 {[%clk 00:08:51]} {[%emt 00:01:05]} Bc5
{[%clk 00:35:31]} {[%emt 00:01:41]} 24. c3 {[%clk 00:07:54]} {[%emt 00:01:30]}
dxc3 {[%clk 00:33:28]} {[%emt 00:02:33]} 25. Nxc3 {[%clk 00:08:04]} {[%emt
00:00:20]} f6 {[%clk 00:32:50]} {[%emt 00:01:07]} 26. Na4 {[%clk 00:06:50]}
{[%emt 00:01:44]} Nd4 {[%clk 00:32:27]} {[%emt 00:00:53]} 27. Nxc5 {[%clk
00:05:53]} {[%emt 00:01:28]} Qxc5 {[%clk 00:32:37]} {[%emt 00:00:19]} 28. Nxd4
{[%clk 00:06:12]} {[%emt 00:00:12]} exd4 {[%clk 00:32:40]} {[%emt 00:00:26]}
29. Rac1 {[%clk 00:06:05]} {[%emt 00:00:37]} Qd6 {[%clk 00:31:03]} {[%emt
00:02:07]} 30. Qb4 {[%clk 00:04:32]} {[%emt 00:02:03]} Qxb4 {[%clk 00:29:14]}
{[%emt 00:02:18]} 31. axb4 {[%clk 00:05:01]} {[%emt 00:00:02]} Nf8 {[%clk
00:28:01]} {[%emt 00:01:42]} 32. Rc2 {[%clk 00:04:46]} {[%emt 00:00:46]} Ng6
{[%clk 00:25:37]} {[%emt 00:02:54]} 33. Bc1 {[%clk 00:04:22]} {[%emt 00:00:55]}
Rd6 {[%clk 00:23:58]} {[%emt 00:02:09]} 34. Rf1 {[%clk 00:04:20]} {[%emt
00:00:32]} Rb6 {[%clk 00:21:36]} {[%emt 00:02:52]} 35. Bd2 {[%clk 00:03:14]}
{[%emt 00:01:36]} Ne5 {[%clk 00:20:34]} {[%emt 00:01:31]} 36. Kb1 {[%clk
00:01:22]} {[%emt 00:02:23]} Nxd3 {[%clk 00:19:43]} {[%emt 00:01:20]} 37. Ka2
{[%clk 00:00:39]} {[%emt 00:01:14]} Ra6+ {[%clk 00:19:35]} {[%emt 00:00:38]}
38. Kb1 {[%clk 00:01:08]} Bxb3 {[%clk 00:19:44]} {[%emt 00:00:21]} 39. Rb2
{[%clk 00:01:04]} {[%emt 00:00:35]} Nxb2 {[%clk 00:19:23]} {[%emt 00:00:51]}
40. Kxb2 {[%clk 00:01:32]} {[%emt 00:00:02]} Ra2+ {[%clk 00:17:34]} {[%emt
00:02:18]} 41. Kc1 {[%clk 00:26:28]} {[%emt 00:05:35]} Ra1+ {[%clk 00:39:59]}
{[%emt 00:08:04]} 42. Kb2 {[%clk 00:26:42]} {[%emt 00:00:16]} Rxf1 {[%clk
00:39:49]} {[%emt 00:00:40]} 43. Bxf1 {[%clk 00:27:11]} Ba4 {[%clk 00:39:51]}
{[%emt 00:00:28]} 44. f4 {[%clk 00:24:58]} {[%emt 00:02:43]} gxf4 {[%clk
00:34:21]} {[%emt 00:06:01]} 45. Bxf4 {[%clk 00:25:22]} {[%emt 00:00:06]} Bc6
{[%clk 00:34:32]} {[%emt 00:00:18]} 46. e5 {[%clk 00:23:11]} {[%emt 00:02:41]}
fxe5 {[%clk 00:33:36]} {[%emt 00:01:27]} 47. Bxe5 {[%clk 00:23:40]} {[%emt
00:00:01]} d3 {[%clk 00:33:45]} {[%emt 00:00:19]} 48. Kc3 {[%clk 00:21:42]}
{[%emt 00:02:30]} Bb5 {[%clk 00:29:28]} {[%emt 00:04:46]} 49. Bxd3 {[%clk
00:21:18]} {[%emt 00:00:55]} Bxd3 {[%clk 00:28:22]} {[%emt 00:01:35]} 50. Kxd3
{[%clk 00:21:46]} {[%emt 00:00:02]} Kc8 {[%clk 00:27:42]} {[%emt 00:01:11]} 51.
Bf6 {[%clk 00:20:59]} {[%emt 00:01:16]} Kd7 {[%clk 00:27:22]} {[%emt 00:00:50]}
52. Ke4 {[%clk 00:19:10]} {[%emt 00:02:19]} Ke6 {[%clk 00:25:29]} {[%emt
00:02:23]} 53. Bd4 {[%clk 00:15:30]} {[%emt 00:04:10]} a6 {[%clk 00:24:36]}
{[%emt 00:01:23]} 54. Be5 {[%clk 00:15:22]} {[%emt 00:00:38]} Rc8 {[%clk
00:22:40]} {[%emt 00:02:26]} 55. g5 {[%clk 00:13:06]} {[%emt 00:02:46]} c5
{[%clk 00:20:21]} {[%emt 00:02:49]} 56. bxc5 {[%clk 00:12:47]} {[%emt
00:00:50]} Rxc5 {[%clk 00:20:47]} {[%emt 00:00:04]} 57. Bf6 {[%clk 00:12:49]}
{[%emt 00:00:27]} Kf7 {[%clk 00:20:34]} {[%emt 00:00:44]} 58. Kd4 {[%clk
00:12:44]} {[%emt 00:00:35]} Rb5 {[%clk 00:20:48]} {[%emt 00:00:15]} 59. Kc4
{[%clk 00:12:27]} {[%emt 00:00:47]} Kg6 {[%clk 00:21:11]} {[%emt 00:00:08]} 60.
Kd4 {[%clk 00:11:39]} {[%emt 00:01:17]} Rxg5 {[%clk 00:21:03]} {[%emt
00:00:39]} 61. Bxg5 {[%clk 00:10:40]} {[%emt 00:01:29]} Kxg5 {[%clk 00:21:23]}
{[%emt 00:00:10]} 62. Kc5 {[%clk 00:10:58]} {[%emt 00:00:13]} Kf4 {[%clk
00:21:48]} {[%emt 00:00:04]} 63. Kb6 {[%clk 00:11:21]} {[%emt 00:00:06]} Kg3
{[%clk 00:22:14]} {[%emt 00:00:05]} 64. Kxb7 {[%clk 00:11:40]} {[%emt
00:00:10]} Kxh3 {[%clk 00:22:37]} {[%emt 00:00:09]} 65. Kxa6 {[%clk 00:12:04]}
{[%emt 00:00:05]} Kg2 {[%clk 00:23:01]} {[%emt 00:00:06]} 0-1

[Event "Deutsche Ländermeisterschaft 2023"]
[Site "Hannover GER"]
[Date "2023.10.04"]
[Round "6"]
[White "Frydel, Helena"]
[Black "Albrecht, Sidney Jenna"]
[Result "1-0"]
[Termination "normal"]
[Board "6.8"]
[WhiteElo "1159"]
[BlackElo "1030"]
[WhiteClock "01:00:54"]
[BlackClock "00:45:19"]
[WhiteTeam "Saarland & Friends"]
[BlackTeam "Thüringen"]
[PlyCount "97"]
[WhiteFideId "16266536"]
[BlackFideId "34660283"]
[EventCountry "GER"]
[EventRounds "7"]
[EventType "team-swiss"]
[EventDate "2023.09.30"]

1. d4 {[%clk 01:30:57]} {[%emt 00:00:02]} Nf6 {[%clk 01:30:52]} {[%emt
00:00:08]} 2. c4 {[%clk 01:31:22]} {[%emt 00:00:05]} g6 {[%clk 01:31:09]}
{[%emt 00:00:13]} 3. Nc3 {[%clk 01:31:44]} {[%emt 00:00:08]} Bg7 {[%clk
01:31:21]} {[%emt 00:00:17]} 4. e4 {[%clk 01:31:45]} {[%emt 00:00:30]} d6
{[%clk 01:31:44]} {[%emt 00:00:08]} 5. Nf3 {[%clk 01:31:59]} {[%emt 00:00:16]}
Nbd7 {[%clk 01:31:29]} {[%emt 00:00:44]} 6. Be2 {[%clk 01:32:17]} {[%emt
00:00:13]} O-O {[%clk 01:31:51]} {[%emt 00:00:07]} 7. O-O {[%emt 00:01:11]} e5
{[%emt 00:00:36]} 8. Be3 {[%clk 01:24:28]} {[%emt 00:06:33]} h6 {[%clk
01:28:32]} {[%emt 00:03:49]} 9. h3 {[%clk 01:23:02]} {[%emt 00:01:55]} g5
{[%clk 01:23:58]} {[%emt 00:05:03]} 10. Qd2 {[%clk 01:19:46]} {[%emt 00:03:48]}
Nh7 {[%clk 01:22:39]} {[%emt 00:01:48]} 11. Rad1 {[%clk 01:18:13]} {[%emt
00:02:03]} f5 {[%clk 01:16:38]} 12. dxe5 {[%clk 01:16:55]} {[%emt 00:08:19]}
dxe5 {[%clk 01:14:16]} 13. Bc5 {[%clk 01:15:47]} {[%emt 00:04:30]} Rf7 {[%clk
01:13:30]} 14. Qd5 {[%clk 01:14:53]} {[%emt 00:02:40]} Qf6 {[%clk 01:09:29]}
15. Bd3 {[%clk 01:10:53]} {[%emt 00:09:01]} Nxc5 {[%clk 01:08:03]} 16. Qxc5
{[%clk 01:10:43]} {[%emt 00:02:36]} f4 {[%clk 01:04:00]} {[%emt 00:04:33]} 17.
Nd5 {[%clk 01:09:00]} {[%emt 00:02:13]} Qd6 {[%clk 01:01:04]} {[%emt 00:03:26]}
18. Qxd6 {[%clk 01:03:44]} {[%emt 00:05:46]} cxd6 {[%clk 01:01:20]} {[%emt
00:00:14]} 19. Nc3 {[%clk 01:03:43]} {[%emt 00:00:31]} h5 {[%clk 00:58:50]}
{[%emt 00:03:00]} 20. c5 {[%clk 01:03:21]} {[%emt 00:00:53]} dxc5 {[%clk
00:58:07]} {[%emt 00:01:13]} 21. Bc4 {[%clk 01:03:30]} {[%emt 00:00:21]} g4
{[%clk 00:56:29]} {[%emt 00:02:07]} 22. hxg4 {[%clk 01:03:31]} {[%emt
00:00:30]} Bxg4 {[%clk 00:56:35]} {[%emt 00:00:23]} 23. Bxf7+ {[%clk 01:03:11]}
{[%emt 00:00:51]} Kxf7 {[%clk 00:56:53]} {[%emt 00:00:11]} 24. Rd5 {[%clk
01:02:07]} {[%emt 00:01:33]} Bxf3 {[%clk 00:56:10]} {[%emt 00:01:14]} 25. gxf3
{[%clk 01:02:28]} {[%emt 00:00:09]} Rg8 {[%clk 00:55:52]} {[%emt 00:00:48]} 26.
Rd7+ {[%clk 01:02:03]} {[%emt 00:00:54]} Ke6 {[%clk 00:55:38]} {[%emt
00:00:44]} 27. Rxb7 {[%clk 01:02:08]} {[%emt 00:00:26]} Bf6+ {[%clk 00:54:16]}
{[%emt 00:01:52]} 28. Kh1 {[%clk 01:02:20]} {[%emt 00:00:17]} Ng5 {[%clk
00:54:02]} {[%emt 00:00:44]} 29. Rg1 {[%clk 01:02:11]} {[%emt 00:00:38]} h4
{[%clk 00:53:00]} {[%emt 00:01:34]} 30. Rxa7 {[%clk 01:01:47]} {[%emt
00:00:55]} Rh8 {[%clk 00:52:23]} {[%emt 00:01:06]} 31. Ra6+ {[%clk 01:01:55]}
{[%emt 00:00:22]} Kf7 {[%clk 00:52:37]} {[%emt 00:00:15]} 32. Ra7+ {[%clk
01:01:25]} {[%emt 00:01:00]} Ke6 {[%clk 00:52:54]} {[%emt 00:00:13]} 33. Ra6+
{[%clk 01:01:44]} {[%emt 00:00:12]} Kf7 {[%clk 00:52:56]} {[%emt 00:00:28]} 34.
Nd5 {[%clk 01:01:41]} {[%emt 00:00:31]} Rh6 {[%clk 00:52:09]} {[%emt 00:01:18]}
35. Rxf6+ {[%clk 01:00:32]} {[%emt 00:01:39]} Rxf6 {[%clk 00:50:40]} {[%emt
00:01:59]} 36. Rxg5 {[%clk 00:59:48]} {[%emt 00:01:15]} Rg6 {[%clk 00:47:15]}
{[%emt 00:03:55]} 37. Rxg6 {[%clk 00:58:10]} {[%emt 00:02:08]} Kxg6 {[%clk
00:47:36]} {[%emt 00:00:08]} 38. Kh2 {[%clk 00:58:05]} {[%emt 00:00:35]} Kg5
{[%clk 00:46:57]} {[%emt 00:01:09]} 39. a4 {[%clk 00:58:19]} {[%emt 00:00:18]}
c4 {[%clk 00:46:12]} {[%emt 00:01:14]} 40. a5 {[%clk 00:58:43]} {[%emt
00:00:07]} c3 {[%clk 00:45:35]} {[%emt 00:01:06]} 41. bxc3 {[%clk 00:58:58]}
{[%emt 00:00:15]} Kg6 {[%clk 00:45:26]} {[%emt 00:00:39]} 42. a6 {[%clk
00:59:18]} {[%emt 00:00:09]} Kf7 {[%clk 00:45:40]} {[%emt 00:00:16]} 43. a7
{[%clk 00:59:33]} {[%emt 00:00:16]} Ke6 {[%clk 00:45:40]} {[%emt 00:00:30]} 44.
a8=Q {[%clk 00:59:52]} {[%emt 00:00:12]} h3 {[%clk 00:46:15]} {[%emt 00:00:24]}
45. Qc6+ {[%clk 01:00:15]} {[%emt 00:00:36]} Kf7 {[%clk 00:46:22]} {[%emt
00:00:24]} 46. Qf6+ {[%clk 01:00:18]} {[%emt 00:00:27]} Kg8 {[%clk 00:46:22]}
{[%emt 00:00:30]} 47. Ne7+ {[%clk 01:00:40]} {[%emt 00:00:07]} Kh7 {[%clk
00:46:02]} {[%emt 00:00:50]} 48. Qf7+ {[%clk 01:01:05]} {[%emt 00:00:06]} Kh8
{[%clk 00:45:19]} {[%emt 00:01:12]} 49. Ng6# {[%clk 01:00:54]} {[%emt
00:00:41]} 1-0